A Corinthia Hotel Budapest szállodában előforduló etikett és protokoll elvárások komplex vizsgálata

Bibliographic Details
Main Author: Fodor Csilla
Other Authors: Bártfai Endre
Format: Thesis
Kulcsszavak:etikett
protokoll
Corinthia Hotel Budapest
Online Access:http://dolgozattar.uni-bge.hu/1820

MARC

LEADER 00000nta a2200000 i 4500
001 dolg1820
005 20251231060004.0
008 150401suuuu hu om 000 hun d
040 |a BGE Dolgozattár Repozitórium  |b hun 
041 |a hu 
100 1 |a Fodor Csilla 
245 1 2 |a A Corinthia Hotel Budapest szállodában előforduló etikett és protokoll elvárások komplex vizsgálata  |c Fodor Csilla  |h [elektronikus dokumentum] 
246 1 1 |a A Corinthia Hotel Budapest szállodában előforduló etikett és protokoll elvárások komplex vizsgálata 
695 |a etikett 
695 |a protokoll 
695 |a Corinthia Hotel Budapest 
700 1 |a Bártfai Endre  |e ths 
856 4 0 |u http://dolgozattar.uni-bge.hu/1820/1/FODOR_CSILLA_Szakdolgozat.pdf  |z Dokumentum-elérés